000 00674nam a22002297a 4500
005 20170124110230.0
010 _a469284
020 _c00.00
035 _a469284
037 _bCen Lib/Ret
040 _aDPL
_bEN
082 _a025.4
_bGRO
100 _aGrolier, Eric de
_941168
245 _aA study of general categories applicable to classification and coding in documentation /
_cby Eric de Grolier
246 _b
260 _bUNESCO
_aParis
_c1962
270 _bParis
_aplace de fontenoy
300 _a248p.
_c21cm(Hb)
650 _aLibrary science
_941169
650 _aClassification schemes
_939726
942 _2ddc
_cEN
_h025.4
_mGRO
999 _c134590
_d134590